000 00697cam a2200277 4500
008 090401t1999 xxu||||| |||| 00| 0 eng d
020 _a0632039914
035 _a(Sirsi) u97294
041 _aeng
050 _a692.8
100 _aPowell-Smith, Vincent
245 _aBuilding contract casebook.
250 _a3rd ed.
260 _bBlackwell Science
_c1999
300 _a532p. ; 24cm.
350 _a55.00
650 _aCONTRACT LAW
650 _aTENDERING
650 _aSUBCONTRACTS
650 _aEXTENSIONS OF TIME
650 _aLIQUIDATED DAMAGES
690 _aBUILT ENVIRONMENT-BUILDING CONTRACT FORMS
700 _aFurmston, Michael
942 _n0
948 _c04/03/1997
999 _c98835
_d98835